Normal view MARC view

Entry Topical Term

Number of records used in: 2

001 - CONTROL NUMBER

  • control field: 68490

003 - CONTROL NUMBER IDENTIFIER

  • control field: dpl

005 - DATE AND TIME OF LATEST TRANSACTION

  • control field: 20240716152535.0

008 - FIXED-LENGTH DATA ELEMENTS

  • fixed length control field: 240716|| aca||aabn | a|a d

040 ## - CATALOGING SOURCE

  • Original cataloging agency: dpl
  • Transcribing agency: dpl

150 ## - HEADING--TOPICAL TERM

  • Topical term or geographic name as entry element: हिन्दी -- साहित्य

670 ## - SOURCE DATA FOUND

  • Source citation: Work cat.: (dpl)204152: चतुर्वेदी, पंकज 68489, बड़े होने का इंतजार/, 2022

© Delhi Public Library
Hit Counter
free hit counter